000 00441 a2200133 4500
005 20250716163446.0
082 _a346.676 BAK
100 _aBAKAR, B
245 _aInheritance Law and Accounting in Tanzania: Probate, Executorship, Administration, Trusteeship and Wakf
260 _aDar es salaam
_bNational Board of Accountants and Auditors
_c2014.
300 _av,267p.: ill.; figures, tables
_c30cm
700 _a Lyanga J
942 _2ddc
_cBKS
999 _c6756
_d6756